Statistiques concernant Tous les pokémon de Green/Leaf

Cliquez ici pour prendre le quiz!

Statistiques générales

  • Ce quiz a été pris 18 fois
  • Le résultat moyen est 4 sur 6

Statistiques - réponses

HintRéponse% Correct
Empiflor
89%
Let's Go Pikachu
& Evoli
Tortank
89%
Feunard
67%
Kangourex
67%
Mélodelfe
67%
Ectoplasma
56%

Distribution des résultats

Percentile par nombre de réponses

% des personnes avec chaque résultat

Votre développement - résultats

Vous n’avez pas pris ce quiz